| 000 | 004010000a22001810004500 | ||
|---|---|---|---|
| 003 | LK-CoMWRAF | ||
| 005 | 20230924210721.0 | ||
| 008 | 230817t ||||| |||| 00| 0 eng d | ||
| 040 |
_aLK-CoMWRAF _dLK-CoMWRAF _eLK-CoMWRAF |
||
| 041 | _aeng | ||
| 082 |
_a297 _bASA |
||
| 100 | _aAsadi, Kamber | ||
| 245 | _aWhy were you born? | ||
| 260 | _c1976 | ||
| 300 | _a78p | ||
| 650 | _aIslam | ||
| 942 | _cBK | ||
| 999 |
_c2032 _d2032 |
||